Evropou na kole výběr nejkrásnějších cyklotras

Bibliographic Details
Main Author: Nanetti, Monica, 1961- (Author)
Other Authors: Flemrová, Sára, 1994- (Translator), Štefková, Monika, 1992- (Translator)
Format: Book
Language:Czech
Italian
PhysicalDescription:223 strán farebné fotografie, ilustrácie, mapa 28 cm
Published: Praha Dobrovský s.r.o. 2022
ISBN:9788027700813
Series:Pangea (Dobrovský s.r.o.)
Subjects:

MARC

LEADER 00000cam a2200000 4500
001 vtls012139358
003 SK-MaSNL
005 20260301151306.0
008 220614s2022 xr abo grf 000 0 cze
020 |a 9788027700813  |q (viazané)  |z 9788027704910 
040 |a SNK  |b slo  |c SNK  |e rda 
041 1 |a cze  |h ita 
043 |a e------ 
044 |a xr  |c CZ 
072 7 |a 913(4)  |x Geografia Európy, reálie, cestovanie  |2 konspekt 
080 |a 796.61  |2 2011 
080 |a 796.6:625.711.4  |2 2011 
080 |a 913:338.483.1  |2 2011 
080 |a 502.2:338.483.11  |2 2011 
080 |a (4)  |2 2011 
080 |a (036)913  |2 2011 
100 1 |a Nanetti, Monica,  |d 1961-  |4 aut  |9 509760 
245 1 0 |a Evropou na kole  |b výběr nejkrásnějších cyklotras  |c Monica Nanetti 
264 1 |a Praha  |b Dobrovský s.r.o.  |c 2022 
300 |a 223 strán  |b farebné fotografie, ilustrácie, mapa  |c 28 cm 
336 |a text  |b txt  |2 rdacontent 
336 |a statický obraz  |b sti  |2 rdacontent 
337 |a bez média  |b n  |2 rdamedia 
338 |a zväzok  |b nc  |2 rdacarrier 
490 1 |a Pangea 
500 |a Pravdepodobne preložené z taliančiny 
500 |a Obsahuje zoznam použitých fotografií a krátke informácie o autorke 
650 0 7 |a cykloturistika  |2 SNKPH  |9 3264 
650 0 7 |a cyklotrasy  |2 SNKPH  |9 87011 
650 0 7 |a turistické zaujímavosti  |2 SNKPH  |9 73869 
650 0 7 |a prírodné zaujímavosti  |2 SNKPH  |9 67558 
650 0 7 |a Bicycle touring  |2 SNKPHeng  |9 332767 
650 0 7 |a Biking trails  |2 SNKPHeng  |9 338129 
650 0 7 |a Tourist sights  |2 SNKPHeng  |9 296885 
650 0 7 |a Natural sights  |2 SNKPHeng  |9 276256 
651 7 |a Európa  |2 SNKPHgeo  |9 167569 
651 7 |a Europe  |2 SNKPHeng  |9 56249 
655 7 |a turistickí sprievodcovia (publikácie)  |2 SNKPH  |9 191298 
655 7 |a Tourist guidebooks  |2 SNKPHeng  |9 291226 
655 7 |a fotografické publikácie  |2 SNKPH  |9 70483 
655 7 |a Photographic publication  |2 SNKPHeng  |9 266858 
700 1 |a Flemrová, Sára,  |d 1994-  |4 trl  |9 509761 
700 1 |a Štefková, Monika,  |d 1992-  |4 trl  |9 509762 
830 0 |a Pangea (Dobrovský s.r.o.)  |9 509763 
852 |a Štátna vedecká knižnica v Banskej Bystrici 
852 |a Slovenská národná knižnica 
919 |a 978-80-277-0081-3 
954 |a iná literatúra (príručky, kuchárske knihy, hobby literatúra, sprievodcovia) cudzojazyčná (svetová)  |2 lita 
954 |a obrazové publikácie zamerané na výtvarné umenie a fotografiu cudzojazyčné (svetové)  |2 lita 
958 |a OP 
958 |a CZ 
968 |b IT 
999 |c 786196  |d 788126 
952 |t snkNAN 913(4)  |a SNKUST  |b SNKUST  |y PREZ  |7 0  |p 17A1577925  |o snkIB 74334  |i snk2025/20177  |8 4  |g 29.61  |0 0  |1 0  |4 0  |d 2024-09-26  |l 0  |r 2026-02-24 01:20:16  |w 2026-02-24